Open Data Biblioteca Nacional de Portugal


República Portuguesa: Ministério da Cultura
Biblioteca Nacional de Portugal

Catálogo da BNP: acesso por Identificadores Unívocos
Registos Bibliográficos associados ao registo de autoridade

Etiqueta de registo: 00254nam 2200025 450
001 2275034
003 http://id.bnportugal.gov.pt/bib/catbnp/2275034
010 ## $a978-989-98490-6-8
021 ## $aPT$b532577/24
100 ## $a20260303d2024 m y0pory01030103ba
101 0# $apor
102 ## $aPT
105 ## $ay z 000yy
106 ## $ar
200 1# $a Os judeus em Trás-os-Montes$e300 anos a resistir à Inquisição e 500 à assimilação$e o caso de Rebordelo - Vinhais$fJorge José Alves Ferreira$gpref. Adamir Dias, Carlos Teixeira
210 #9 $aRebordelo$cJorge José Alves Ferreira,$d2024
215 ## $a190 p.$d23 cm
675 ## $a94(=411.16)(469.201)"13/19"$vBN$zpor$31995687
675 ## $a272-67-74(469.201)"14/19"$vBN$zpor$31995690
700 #1 $aFerreira,$bJorge Alves,$f1959-$31595034
702 #1 $aDias,$bAdamir$4080$31266098
702 #1 $911$aTeixeira,$bCarlos$4080$31988585
801 #0 $aPT$bBN$gRPC
856 41 $uhttp://rnod.bnportugal.gov.pt/ImagesBN/winlibimg.aspx?skey=&doc=2275034&img=221334&save=true
900 ## $aBIBNAC$d20260428
966 ## $lBN$mFGMON$sH.G. 89130 V.$x1
971 ## $cssilva$d20260303
973 ## $caalmeid$d20260414
975 ## $e0$d20260428$viquintas

OpendataBNP@bnportugal.pt | Mais informação sobre acesso aos dados BNP